Ελευθερία : η αρχή και το τέλος
Saved in:
| Main Author: | |
|---|---|
| Format: | Book |
| Language: | Greek English |
| Published: |
Αθήνα :
Καστανιώτης,
1986.
|
| Subjects: | |
| Tags: |
Add Tag
No Tags, Be the first to tag this record!
|
MARC
| LEADER | 00000cam a2200000 i 4500 | ||
|---|---|---|---|
| 001 | 1/20528 | ||
| 008 | 960930q19551986gr | ||| |||| ||gre|| | ||
| 020 | |a 9600302251 | ||
| 035 | |a 1986 |b 4 |c Τσιάκαλος |l 10036060 | ||
| 035 | |a 1998 |b 1 |c ΚΠΣ/ΔΕ | ||
| 040 | |a GR-MyUA |b gre |e AACR2 | ||
| 041 | 1 | |a gre |h eng | |
| 082 | 0 | |a 212.52 | |
| 100 | 1 | |a Krishnamurti, J. |q (Jiddu), |d 1895-1986. | |
| 245 | 1 | 0 | |a Ελευθερία : |b η αρχή και το τέλος / |c Κρισναμούρτι. |
| 260 | |a Αθήνα : |b Καστανιώτης, |c 1986. | ||
| 300 | |a 320 σ. | ||
| 500 | |a Πρόλογος του Aldous Huxley | ||
| 500 | |a Τίτλος πρωτοτύπου: The first and the last freedom. | ||
| 650 | 0 | 0 | |a Theosophy. |
| 852 | |a INST |b RHODES |e 19980520 |h 212.52 KRI |p 005400006533 |q 005400006533 |t BK |y 0 | ||
| 852 | |a INST |b RHODES |e 19960930 |h 212.52 KRI |p 005400009033 |q 005400009033 |t BK |y 0 | ||
| 909 | |a Ρ |b 004896 | ||
| 909 | |a Ρ |b 053285 | ||